Theory and Applications of Non-integer Order Systems (Запис № 453238)

МАРК-запис
000 -LEADER
fixed length control field 03914nam a22006015i 4500
001 - CONTROL NUMBER
control field 978-3-319-45474-0
003 - CONTROL NUMBER IDENTIFIER
control field DE-He213
005 - DATE AND TIME OF LATEST TRANSACTION
control field 20210118152820.0
007 - PHYSICAL DESCRIPTION FIXED FIELD--GENERAL INFORMATION
fixed length control field cr nn 008mamaa
008 - FIXED-LENGTH DATA ELEMENTS--GENERAL INFORMATION
fixed length control field 160827s2017 gw | s |||| 0|eng d
020 ## - INTERNATIONAL STANDARD BOOK NUMBER
International Standard Book Number 9783319454740
-- 978-3-319-45474-0
024 7# - OTHER STANDARD IDENTIFIER
Standard number or code 10.1007/978-3-319-45474-0
Source of number or code doi
050 #4 - LIBRARY OF CONGRESS CALL NUMBER
Classification number TJ212-225
072 #7 - SUBJECT CATEGORY CODE
Subject category code TJFM
Source bicssc
072 #7 - SUBJECT CATEGORY CODE
Subject category code TEC004000
Source bisacsh
072 #7 - SUBJECT CATEGORY CODE
Subject category code TJFM
Source thema
082 04 - DEWEY DECIMAL CLASSIFICATION NUMBER
Classification number 629.8
Edition number 23
245 10 - TITLE STATEMENT
Title Theory and Applications of Non-integer Order Systems
Medium [electronic resource] :
Remainder of title 8th Conference on Non-integer Order Calculus and Its Applications, Zakopane, Poland /
Statement of responsibility, etc edited by Artur Babiarz, Adam Czornik, Jerzy Klamka, Michał Niezabitowski.
250 ## - EDITION STATEMENT
Edition statement 1st ed. 2017.
264 #1 -
-- Cham :
-- Springer International Publishing :
-- Imprint: Springer,
-- 2017.
300 ## - PHYSICAL DESCRIPTION
Extent XII, 512 p. 141 illus., 99 illus. in color.
Other physical details online resource.
336 ## -
-- text
-- txt
-- rdacontent
337 ## -
-- computer
-- c
-- rdamedia
338 ## -
-- online resource
-- cr
-- rdacarrier
347 ## -
-- text file
-- PDF
-- rda
490 1# - SERIES STATEMENT
Series statement Lecture Notes in Electrical Engineering,
Міжнародний стандартний серійний номер для назви серії (ISSN) 1876-1100 ;
Том/ позначення послідовності 407
505 0# - FORMATTED CONTENTS NOTE
Formatted contents note Part I: Mathematical Foundations -- Part II: Modeling and Control -- Part III: Controllability and Stability -- Part IV: Applications.
520 ## - SUMMARY, ETC.
Summary, etc This book collects papers from the 8th Conference on Non-Integer Order Calculus and Its Applications that have been held on September 20-21, 2016 in Zakopane, Poland. The preceding two conferences were held in Szczecin, Poland in 2015, and in Opole, Poland, in 2014. This conference provides a platform for academic exchange on the theory and application of fractional calculus between domestic and international universities, research institutes, corporate experts and scholars. The Proceedings of the 8th Conference on Non-Integer Order Calculus and Its Applications 2016 brings together rigorously reviewed contributions from leading international experts. The included papers cover novel various important aspects of mathematical foundations of fractional calculus, modeling and control of fractional systems as well as controllability, detectability, observability and stability problems for this systems.
506 ## - RESTRICTIONS ON ACCESS NOTE
Terms governing access Available to subscribing member institutions only. Доступно лише організаціям членам підписки.
506 ## - RESTRICTIONS ON ACCESS NOTE
Standardized terminology for access restriction Online access from local network of NaUOA.
506 ## - RESTRICTIONS ON ACCESS NOTE
Standardized terminology for access restriction Online access with authorization at https://link.springer.com/
506 ## - RESTRICTIONS ON ACCESS NOTE
Standardized terminology for access restriction Онлайн-доступ з локальної мережі НаУОА.
506 ## - RESTRICTIONS ON ACCESS NOTE
Standardized terminology for access restriction Онлайн доступ з авторизацією на https://link.springer.com/
650 #0 - SUBJECT ADDED ENTRY--TOPICAL TERM
Topical term or geographic name as entry element Control engineering.
650 #0 - SUBJECT ADDED ENTRY--TOPICAL TERM
Topical term or geographic name as entry element Computational complexity.
650 14 - SUBJECT ADDED ENTRY--TOPICAL TERM
Topical term or geographic name as entry element Control and Systems Theory.
-- http://scigraph.springernature.com/things/product-market-codes/T19010
650 24 - SUBJECT ADDED ENTRY--TOPICAL TERM
Topical term or geographic name as entry element Complexity.
-- http://scigraph.springernature.com/things/product-market-codes/T11022
700 1# - ADDED ENTRY--PERSONAL NAME
Personal name Babiarz, Artur.
Relator term editor.
Relator code edt
-- http://id.loc.gov/vocabulary/relators/edt
700 1# - ADDED ENTRY--PERSONAL NAME
Personal name Czornik, Adam.
Relator term editor.
Relator code edt
-- http://id.loc.gov/vocabulary/relators/edt
700 1# - ADDED ENTRY--PERSONAL NAME
Personal name Klamka, Jerzy.
Relator term editor.
Relator code edt
-- http://id.loc.gov/vocabulary/relators/edt
700 1# - ADDED ENTRY--PERSONAL NAME
Personal name Niezabitowski, Michał.
Relator term editor.
Relator code edt
-- http://id.loc.gov/vocabulary/relators/edt
710 2# - ADDED ENTRY--CORPORATE NAME
Corporate name or jurisdiction name as entry element SpringerLink (Online service)
773 0# - HOST ITEM ENTRY
Title Springer eBooks
776 08 - ADDITIONAL PHYSICAL FORM ENTRY
Display text Printed edition:
International Standard Book Number 9783319454733
776 08 - ADDITIONAL PHYSICAL FORM ENTRY
Display text Printed edition:
International Standard Book Number 9783319454757
776 08 - ADDITIONAL PHYSICAL FORM ENTRY
Display text Printed edition:
International Standard Book Number 9783319833026
830 #0 - SERIES ADDED ENTRY--UNIFORM TITLE
Uniform title Lecture Notes in Electrical Engineering,
-- 1876-1100 ;
Volume number/sequential designation 407
856 40 - ELECTRONIC LOCATION AND ACCESS
Uniform Resource Identifier <a href="https://doi.org/10.1007/978-3-319-45474-0">https://doi.org/10.1007/978-3-319-45474-0</a>
912 ## -
-- ZDB-2-ENG
942 ## - ADDED ENTRY ELEMENTS (KOHA)
Koha item type ЕКнига

Немає доступних примірників.